000 00786cam a2200265 4500
008
020 _a0582445469 (pbk.)
049 _aMAIN
090 _aTH153
_bMAN
245 0 0 _aManual of tropical housing and building
_c[by] O. H. Koenigsberger [et...al].
260 _aLondon:
_bLongman,
_c[1974- c1973]
300 _axvi, 320 p. :
_bill. ;
_c25 cm.
504 _aIncludes bibliographical references.
650 0 _aBuilding
_zTropics.
650 0 _aDwellings
_zTropics.
700 1 _aKoenigsberger, Otto H.
700 _aIngersoll, T.G.
700 _aMayhew, Alan.
700 _aSzokolay, S.V.
907 _a.b1034858x
_b27-10-14
_c22-10-14
003
005 20240208122214.0
040 _cNUST
942 _cBOOKS
_kTH153
_mMAN
_02
999 _c95858
_d95858